BIBLIOTECA

SENCICO

Ventilación natural de edificios : (Registro nro. 5018)

Detalles MARC
000 -LEADER
fixed length control field 01316nam a22002777a 4500
003 - CONTROL NUMBER IDENTIFIER
control field PE SENCICO BE
005 - DATE AND TIME OF LATEST TRANSACTION
control field 20251020182709.0
008 - FIXED-LENGTH DATA ELEMENTS--GENERAL INFORMATION
fixed length control field 241205b |||||||| |||| 00| 0 eng d
040 ## - CATALOGING SOURCE
Original cataloging agency PE SENCICO BE
Transcribing agency PE SENCICO BE
041 ## - LANGUAGE CODE
Language code of text/sound track or separate title spa
082 ## - DEWEY DECIMAL CLASSIFICATION NUMBER
Classification number 697.9
Item number Y78
100 1# - MAIN ENTRY--PERSONAL NAME
9 (RLIN) 2747
Personal name Yarke, Eduardo Ricardo
Relator term editor
245 1# - TITLE STATEMENT
Title Ventilación natural de edificios :
Remainder of title fundamentos y métodos de cálculo /
Statement of responsibility, etc. Eduardo Ricardo Yarke
250 ## - EDITION STATEMENT
Edition statement 1a ed.
260 ## - PUBLICATION, DISTRIBUTION, ETC.
Place of publication, distribution, etc. Buenos Aires :
Name of publisher, distributor, etc. Ediciones de la U ;
-- Nobuko ;
Date of publication, distribution, etc. 2005
300 ## - PHYSICAL DESCRIPTION
Extent 138 p. :
Other physical details diagrs.;
Dimensions 28 cm.
440 ## - SERIES STATEMENT/ADDED ENTRY--TITLE
9 (RLIN) 625
Title Ingeniería
505 0# - FORMATTED CONTENTS NOTE
Formatted contents note Calidad de aire interior y ventilación natural -- Ventilación natural para el confort térmico en verano -- Fundamentos físicos para ventilación natural -- Las fuerzas que originan la ventilación natural -- Modelos empíricos para el calculo estimativo de parámetros de ventilación natural -- Sugerencias prácticas para el diseño de sistemas de ventilación natural -- Factores que limitan la aplicación de la ventilación natural y estrategias de control.
650 10 - SUBJECT ADDED ENTRY--TOPICAL TERM
9 (RLIN) 519
Topical term or geographic name entry element Edificios
650 20 - SUBJECT ADDED ENTRY--TOPICAL TERM
9 (RLIN) 2505
Topical term or geographic name entry element Ventilación
650 20 - SUBJECT ADDED ENTRY--TOPICAL TERM
9 (RLIN) 249
Topical term or geographic name entry element Edificios inteligentes
650 20 - SUBJECT ADDED ENTRY--TOPICAL TERM
9 (RLIN) 1444
Topical term or geographic name entry element Aire
700 1# - ADDED ENTRY--PERSONAL NAME
9 (RLIN) 2792
Personal name Mermet, Alejandro Gabriel
910 ## - USER-OPTION DATA (OCLC)
User-option data hfp
-- hfp
-- hfp
942 ## - ADDED ENTRY ELEMENTS (KOHA)
Source of classification or shelving scheme Dewey Decimal Classification
Koha item type Libros
Existencias
Fecha de la última vez que lo usaron Pago total Signatura topográfica completa Código de barras Precio efectivo desde Tipo de documento Estado perdido Sistema de clasificación Estado dañado No es para préstamo Retirado Ubicación permanente Ubicación actual Fecha de adquisición Fuente de adquisición Número de ingreso o de inventario
05/12/2024   697.9/Y78 BibLima24120015 05/12/2024 Libros   Dewey Decimal Classification       Biblioteca Central Lima Biblioteca Central Lima 18/11/2024 Comprado de la librería Cydma Tech  
19/12/2024   697.9/Y78/ej. 2 BibLima24120032 19/12/2024 Libros   Dewey Decimal Classification       Biblioteca Central Lima Biblioteca Central Lima 19/12/2024   15604